| LEADER |
00646nam0a2200193 450 |
| 001 |
16834572 |
| 010 |
|
|
|a 978-2-317-02269-2
|b rel.
|d 14,5
|
| 100 |
|
|
|a 20200128d2026 u u0frey01 ba
|
| 101 |
0 |
|
|a fre
|
| 102 |
|
|
|a FR
|
| 200 |
0 |
|
|a vie en vert fluo (La)
|f texte, Coline Pierré
|g illustrations, Gilles Freluche
|
| 207 |
|
1 |
|a
|
| 210 |
|
|
|a Paris
|c Mango Jeunesse
|d DL 2020
|
| 215 |
|
|
|a 1 vol. (57 p.)
|c ill. en coul.
|d 29 cm
|
| 700 |
|
0 |
|a Pierré
|b Coline
|f 1987-....
|4 70
|
| 702 |
|
0 |
|a Freluche
|b Gilles
|4 440
|
| 900 |
|
|
|a Album
|
| 901 |
|
|
|a Accessible au prêt
|
| 995 |
|
|
|a Bibliothèque
|c Bibliothèque
|f 024020656
|h 024020656
|k A2 PIE
|o p
|q j
|r az
|e Bibliothèque
|